| 000 | 01098cam a22002533a 4500 | ||
|---|---|---|---|
| 001 | 14675 | ||
| 003 | PGUSA | ||
| 005 | 20140828083320.0 | ||
| 008 | 050112s2005||||xxu|||||s|||||000 | eng d | ||
| 040 |
_aPGUSA _beng |
||
| 042 | _adc | ||
| 050 | 4 | _aBF | |
| 100 | 1 |
_aSmolnikar, Andrew B. _q(Andreas Bernardus), _d1795-1869 |
|
| 245 | 1 | 0 |
_aSecret Enemies of True Republicanism : _bMost important developments regarding the inner life of man and the spirit world, in order to abolish revolutions and wars and to establish permanent peace on earth, also: the plan for redemption of nations from monarchical and other oppresive [sic] speculations and for the introduction of the promised new era of harmony, truth and righteousness on the whole globe _h[electronic resource] / _cAndrew B. Smolnikar |
| 260 |
_bProject Gutenberg, _c2005 |
||
| 506 | _aPublic domain in the USA. | ||
| 516 | _aElectronic text | ||
| 653 | _aSpirit writings | ||
| 653 | _aSpiritualism | ||
| 653 | _aClairvoyance | ||
| 830 | 0 |
_aProject Gutenberg _v14675 |
|
| 856 | 4 | 0 | _uhttp://www.gutenberg.org/ebooks/14675 |
| 942 | _cEB | ||
| 999 |
_c243930 _d243930 |
||